00686nam a2200181Ia 4500008004100000020001800041082001900059100003000078245011100108250000700219260003200226300001000258500003000268650006100298700003500359952009300394999001700487120629s9999 xx 000 0 und d a950-582-142-5 a371.4044 C578d aCirigliano, Gustavo F. J. aDinámica de grupos y educación : fundamentos y técnicas / Gustavo F. J. Cirigliano Anibal Villaverde a21 aArgentina : Lumen-Hvmanitas a239 p aBibliografía e índice a1. TRABAJO EN GRUPO (EDUCACIÓN) \ DINÁMICA DE GRUPOS aVillaverde, Anibal ; coart.Ì 00104070a15b15d2008-02-23l0o371.4044 C578Dp15 002612r2017-12-07w2012-06-28yLB c76144d76144